Claude Vanel magyar históriája

Elmentve itt :
Bibliográfiai részletek
Szerző: Kövér Lajos
Dokumentumtípus: Cikk
Megjelent: University of Szeged, Magyar Medievisztikai Kutatócsoport Szeged 2017
Sorozat:Acta Universitatis Szegediensis : acta historica 141
Kulcsszavak:Claude Vanel, Magyarország története, Történetírás
Tárgyszavak:
Online Access:http://acta.bibl.u-szeged.hu/51043
LEADER 00808nab a2200205 i 4500
001 acta51043
005 20260127132758.0
008 180705s2017 hu o 000 hun d
022 |a 0324-6965 
040 |a SZTE Egyetemi Kiadványok Repozitórium  |b hun 
041 |a hun 
100 1 |a Kövér Lajos 
245 1 0 |a Claude Vanel magyar históriája  |h [elektronikus dokumentum] /  |c  Kövér Lajos 
260 |a University of Szeged, Magyar Medievisztikai Kutatócsoport  |b Szeged  |c 2017 
300 |a 33-48 
490 0 |a Acta Universitatis Szegediensis : acta historica  |v 141 
650 4 |a Bölcsészettudományok 
650 4 |a Történettudomány és régészet 
695 |a Claude Vanel, Magyarország története, Történetírás 
856 4 0 |u http://acta.bibl.u-szeged.hu/51043/1/historica_141_033-048.pdf  |z Dokumentum-elérés